[Event "DEM U14 2021"]
[Site "Willingen GER"]
[Date "2021.08.27"]
[Round "7"]
[White "Lippitz, Jaden"]
[Black "Andrade, Ruben"]
[Result "1/2-1/2"]
[Termination "normal"]
[Board "22"]
[WhiteElo "1615"]
[BlackElo "1638"]
[WhiteClock "00:15:30"]
[BlackClock "00:00:32"]
[PlyCount "81"]
[WhiteFideId "34608893"]
[BlackFideId "16246829"]
[EventCountry "GER"]
[EventRounds "9"]
[EventType "swiss"]
[EventDate "2021.08.22"]

1. e4 {[%clk 1:30:57]} e5 {[%clk 1:30:55]} 2. Nf3 {[%clk 1:31:21]} Nc6 {[%clk
1:31:21]} 3. d4 {[%clk 1:31:45]} exd4 {[%clk 1:31:46]} 4. Nxd4 {[%clk 1:32:09]}
Bc5 {[%clk 1:32:11]} 5. Be3 {[%clk 1:32:21]} Qf6 {[%clk 1:32:35]} 6. c3 {[%clk
1:32:31]} Nge7 {[%clk 1:32:55]} 7. Bc4 {[%clk 1:32:06]} Ne5 {[%clk 1:33:16]} 8.
Be2 {[%clk 1:31:36]} Qg6 {[%clk 1:33:33]} 9. O-O {[%clk 1:31:20]} d6 {[%clk
1:33:42]} 10. Bh5 {[%clk 1:20:33]} Qxe4 {[%clk 1:25:01]} 11. Nd2 {[%clk
1:16:56]} Qd3 {[%clk 1:23:48]} 12. Be2 {[%clk 1:11:15]} Qg6 {[%clk 1:24:09]}
13. Bh5 {[%clk 1:11:26]} Bg4 {[%clk 1:22:59]} 14. Bxg6 {[%clk 1:09:12]} Bxd1
{[%clk 1:23:22]} 15. Bxf7+ {[%clk 1:08:13]} Kxf7 {[%clk 1:23:38]} 16. Raxd1
{[%clk 1:07:35]} Nd5 {[%clk 1:14:40]} 17. N2b3 {[%clk 0:58:54]} Bb6 {[%clk
1:05:36]} 18. Bc1 {[%clk 0:54:50]} Rhe8 {[%clk 0:57:20]} 19. h3 {[%clk
0:45:25]} Rad8 {[%clk 0:49:11]} 20. Rfe1 {[%clk 0:41:18]} Ne7 {[%clk 0:42:27]}
21. f4 {[%clk 0:29:50]} N5c6 {[%clk 0:32:49]} 22. Kh2 {[%clk 0:25:23]} Nxd4
{[%clk 0:30:00]} 23. Nxd4 {[%clk 0:25:27]} Bxd4 {[%clk 0:26:15]} 24. Rxd4
{[%clk 0:25:22]} Nf5 {[%clk 0:24:59]} 25. Rde4 {[%clk 0:24:23]} Rxe4 {[%clk
0:24:29]} 26. Rxe4 {[%clk 0:24:51]} d5 {[%clk 0:24:41]} 27. Re5 {[%clk
0:22:11]} g6 {[%clk 0:24:17]} 28. g4 {[%clk 0:21:14]} Ng7 {[%clk 0:23:47]} 29.
b3 {[%clk 0:20:00]} d4 {[%clk 0:08:07]} 30. cxd4 {[%clk 0:20:00]} Rxd4 {[%clk
0:08:32]} 31. Kg3 {[%clk 0:19:43]} Rd1 {[%clk 0:06:45]} 32. Ba3 {[%clk
0:18:53]} Rd3+ {[%clk 0:04:59]} 33. Kf2 {[%clk 0:15:45]} Rxh3 {[%clk 0:02:30]}
34. Re7+ {[%clk 0:15:28]} Kg8 {[%clk 0:02:55]} 35. Rxc7 {[%clk 0:15:03]} Rh2+
{[%clk 0:03:16]} 36. Kg3 {[%clk 0:14:59]} Rxa2 {[%clk 0:03:38]} 37. Rc8+ {[%clk
0:15:12]} Kf7 {[%clk 0:03:55]} 38. Rc7+ {[%clk 0:15:09]} Kg8 {[%clk 0:01:48]}
39. Rc8+ {[%clk 0:15:17]} Kf7 {[%clk 0:02:14]} 40. Rc7+ {[%clk 0:15:22]} Kg8
{[%clk 0:00:32]} 41. Rc8+ {[%clk 0:15:30]} 1/2-1/2

[Event "DEM U14 2021"]
[Site "Willingen GER"]
[Date "2021.08.27"]
[Round "7"]
[White "Pfeffer, Samuel"]
[Black "Amrhein, Dennis"]
[Result "1-0"]
[Termination "normal"]
[Board "23"]
[WhiteElo "1487"]
[BlackElo "1267"]
[WhiteClock "00:03:52"]
[BlackClock "00:19:23"]
[PlyCount "99"]
[WhiteFideId "16249160"]
[BlackFideId "16254570"]
[EventCountry "GER"]
[EventRounds "9"]
[EventType "swiss"]
[EventDate "2021.08.22"]

1. d4 {[%clk 1:30:55]} Nf6 {[%clk 1:30:54]} 2. c4 {[%clk 1:30:49]} c5 3. Nf3
{[%clk 1:29:47]} g6 {[%clk 1:31:19]} 4. g3 {[%clk 1:29:42]} Bg7 {[%clk
1:31:24]} 5. Bg2 {[%clk 1:28:28]} O-O {[%clk 1:31:19]} 6. O-O {[%clk 1:27:28]}
d6 {[%clk 1:31:04]} 7. Nc3 {[%clk 1:26:22]} Re8 {[%clk 1:20:05]} 8. d5 {[%clk
1:24:48]} e6 9. e4 {[%clk 1:19:41]} exd5 {[%clk 1:18:26]} 10. exd5 {[%clk
1:16:16]} Bg4 {[%clk 1:15:48]} 11. Qc2 {[%clk 1:12:49]} Nbd7 12. Bf4 {[%clk
1:03:28]} Bxf3 {[%clk 1:12:18]} 13. Bxf3 {[%clk 1:00:44]} Ne5 {[%clk 1:12:01]}
14. Be2 {[%clk 1:00:11]} a6 {[%clk 1:11:13]} 15. a4 {[%clk 0:56:10]} Qd7 {[%clk
1:09:40]} 16. Kg2 Re7 {[%clk 0:53:50]} 17. h3 {[%clk 0:51:05]} Rae8 {[%clk
0:53:36]} 18. Bg5 {[%clk 0:42:14]} h6 {[%clk 0:53:32]} 19. Bxf6 {[%clk
0:41:43]} Bxf6 {[%clk 0:53:49]} 20. f4 {[%clk 0:41:26]} h5 21. fxe5 {[%clk
0:33:17]} Bxe5 {[%clk 0:47:58]} 22. Bf3 {[%clk 0:30:04]} f5 23. h4 {[%clk
0:24:46]} f4 {[%clk 0:46:25]} 24. Ne4 {[%clk 0:22:13]} Qf5 {[%clk 0:43:30]} 25.
Bd1 b5 {[%clk 0:31:38]} 26. axb5 {[%clk 0:13:51]} axb5 {[%clk 0:31:54]} 27. Ng5
{[%clk 0:11:38]} Qf6 {[%clk 0:32:04]} 28. Ra2 {[%clk 0:06:37]} bxc4 {[%clk
0:32:09]} 29. Qxc4 {[%clk 0:06:48]} Bxb2 {[%clk 0:30:35]} 30. Rxf4 {[%clk
0:05:40]} Qe5 {[%clk 0:30:19]} 31. Re4 {[%clk 0:05:18]} Qf6 {[%clk 0:30:33]}
32. Rxe7 {[%clk 0:04:25]} Rxe7 {[%clk 0:30:53]} 33. Ra8+ {[%clk 0:04:22]} Kg7
{[%clk 0:31:04]} 34. Ne6+ {[%clk 0:03:57]} Kh7 {[%clk 0:30:06]} 35. Qf4 {[%clk
0:03:26]} Qxf4 {[%clk 0:29:14]} 36. Nxf4 {[%clk 0:03:46]} Be5 {[%clk 0:29:06]}
37. Ne6 {[%clk 0:03:44]} Rb7 {[%clk 0:27:32]} 38. Ra2 {[%clk 0:02:45]} Rb2+
{[%clk 0:26:19]} 39. Rxb2 {[%clk 0:03:09]} Bxb2 {[%clk 0:26:40]} 40. g4 {[%clk
0:03:25]} hxg4 {[%clk 0:26:06]} 41. Kg3 {[%clk 0:03:35]} Be5+ {[%clk 0:23:56]}
42. Kxg4 {[%clk 0:03:47]} Kh6 {[%clk 0:23:43]} 43. Bc2 {[%clk 0:01:45]} Bd4
{[%clk 0:20:11]} 44. Nxd4 {[%clk 0:01:40]} cxd4 {[%clk 0:20:31]} 45. Bd3 {[%clk
0:02:03]} Kg7 {[%clk 0:19:08]} 46. Kg5 {[%clk 0:02:22]} Kh7 {[%clk 0:19:10]}
47. Bxg6+ {[%clk 0:02:42]} Kg7 {[%clk 0:19:25]} 48. h5 {[%clk 0:03:03]} d3
{[%clk 0:19:03]} 49. Bxd3 {[%clk 0:03:30]} Kg8 {[%clk 0:19:23]} 50. Kf6 {[%clk
0:03:52]} 1-0

[Event "DEM U14 2021"]
[Site "Willingen GER"]
[Date "2021.08.28"]
[Round "8"]
[White "Bakiev, Diyor"]
[Black "Costa, Leonardo"]
[Result "1/2-1/2"]
[Termination "normal"]
[Board "1"]
[BlackTitle "FM"]
[WhiteElo "2119"]
[BlackElo "2336"]
[WhiteClock "00:04:31"]
[BlackClock "00:03:45"]
[PlyCount "174"]
[WhiteFideId "16241584"]
[BlackFideId "16213955"]
[EventCountry "GER"]
[EventRounds "9"]
[EventType "swiss"]
[EventDate "2021.08.22"]

1. e4 {[%clk 1:30:55]} e5 {[%clk 1:30:54]} 2. Nf3 {[%clk 1:31:21]} Nc6 {[%clk
1:31:20]} 3. Bb5 {[%clk 1:31:46]} a6 {[%clk 1:31:44]} 4. Ba4 {[%clk 1:32:13]}
d6 {[%clk 1:32:08]} 5. O-O {[%clk 1:32:29]} Bd7 {[%clk 1:32:32]} 6. d4 {[%clk
1:32:42]} Nxd4 {[%clk 1:31:01]} 7. Bxd7+ {[%clk 1:32:46]} Qxd7 {[%clk 1:31:26]}
8. Nxd4 {[%clk 1:33:10]} exd4 {[%clk 1:31:51]} 9. Qxd4 {[%clk 1:33:35]} Nf6
{[%clk 1:28:17]} 10. Bg5 {[%clk 1:24:44]} Be7 {[%clk 1:28:13]} 11. f4 {[%clk
1:21:56]} h6 {[%clk 1:22:05]} 12. Bh4 {[%clk 1:14:27]} O-O {[%clk 1:22:25]} 13.
Bxf6 {[%clk 1:07:30]} Bxf6 {[%clk 1:22:50]} 14. e5 {[%clk 1:07:51]} Be7 {[%clk
1:20:46]} 15. Nc3 {[%clk 1:03:29]} Rad8 {[%clk 1:18:00]} 16. Rad1 {[%clk
1:02:39]} Qe6 {[%clk 1:16:22]} 17. Nd5 {[%clk 0:29:27]} dxe5 {[%clk 1:14:08]}
18. fxe5 {[%clk 0:24:59]} c6 {[%clk 1:11:21]} 19. Nxe7+ {[%clk 0:25:23]} Qxe7
{[%clk 1:11:47]} 20. Qe3 {[%clk 0:22:12]} Rfe8 {[%clk 1:03:58]} 21. Rxd8 {[%clk
0:21:10]} Rxd8 {[%clk 1:04:07]} 22. Re1 {[%clk 0:16:35]} Qe6 {[%clk 0:58:30]}
23. b3 {[%clk 0:15:08]} Re8 {[%clk 0:53:56]} 24. Qb6 {[%clk 0:12:26]} Qd7
{[%clk 0:53:00]} 25. Qe3 {[%clk 0:10:31]} Re6 {[%clk 0:50:46]} 26. Qd3 {[%clk
0:08:19]} Qe7 {[%clk 0:47:48]} 27. Rd1 {[%clk 0:07:00]} Qc5+ {[%clk 0:46:40]}
28. Kh1 {[%clk 0:05:33]} Qxe5 {[%clk 0:46:35]} 29. h3 {[%clk 0:05:14]} g6
{[%clk 0:35:53]} 30. a4 {[%clk 0:05:03]} Kg7 {[%clk 0:32:38]} 31. Rf1 {[%clk
0:04:30]} Rd6 {[%clk 0:29:27]} 32. Qc4 {[%clk 0:04:20]} Rf6 {[%clk 0:27:56]}
33. Rxf6 {[%clk 0:04:03]} Qxf6 {[%clk 0:28:21]} 34. Qb4 {[%clk 0:03:53]} Qa1+
{[%clk 0:28:47]} 35. Kh2 {[%clk 0:04:18]} Qe5+ {[%clk 0:29:08]} 36. Kh1 {[%clk
0:03:53]} Qc7 {[%clk 0:28:34]} 37. Qd4+ {[%clk 0:03:28]} Kg8 {[%clk 0:28:54]}
38. b4 {[%clk 0:03:03]} Qe7 {[%clk 0:18:46]} 39. c3 {[%clk 0:01:41]} h5 {[%clk
0:18:11]} 40. a5 {[%clk 0:00:49]} Kh7 {[%clk 0:17:16]} 41. Qd2 {[%clk 0:20:53]}
Qe6 {[%clk 0:40:23]} 42. Qf4 {[%clk 0:15:52]} Qe1+ {[%clk 0:36:45]} 43. Kh2
{[%clk 0:16:17]} Qe7 {[%clk 0:37:12]} 44. h4 {[%clk 0:11:34]} Kg7 {[%clk
0:37:09]} 45. g3 {[%clk 0:06:08]} Qe2+ {[%clk 0:36:47]} 46. Kh3 {[%clk
0:06:30]} Qe6+ {[%clk 0:29:40]} 47. Kh2 {[%clk 0:06:33]} Qd5 {[%clk 0:30:05]}
48. Qe3 {[%clk 0:05:18]} Kf6 {[%clk 0:19:32]} 49. Qf4+ {[%clk 0:04:57]} Qf5
{[%clk 0:19:20]} 50. Qd6+ {[%clk 0:04:33]} Kg7 {[%clk 0:19:42]} 51. Qd4+ {[%clk
0:04:22]} Kh7 {[%clk 0:20:06]} 52. Qe3 {[%clk 0:03:24]} Kg8 {[%clk 0:19:45]}
53. Qe8+ {[%clk 0:03:15]} Kg7 {[%clk 0:20:11]} 54. Qe3 {[%clk 0:03:31]} Kf6
{[%clk 0:18:40]} 55. Kg2 {[%clk 0:02:42]} Qe5 {[%clk 0:18:44]} 56. Qf3+ {[%clk
0:02:25]} Kg7 {[%clk 0:18:26]} 57. Kh2 {[%clk 0:02:29]} Kf8 {[%clk 0:18:50]}
58. Qd3 {[%clk 0:02:30]} c5 {[%clk 0:17:36]} 59. Qc4 {[%clk 0:01:56]} cxb4
{[%clk 0:15:52]} 60. cxb4 {[%clk 0:02:16]} Ke7 {[%clk 0:15:12]} 61. Qc2 {[%clk
0:01:55]} Qd5 {[%clk 0:09:23]} 62. Qc7+ {[%clk 0:01:59]} Ke6 {[%clk 0:09:46]}
63. Qc8+ {[%clk 0:02:08]} Ke5 {[%clk 0:08:27]} 64. Qc3+ {[%clk 0:02:00]} Ke4
{[%clk 0:07:31]} 65. Qc2+ {[%clk 0:02:16]} Ke3 {[%clk 0:06:51]} 66. Qc3+ {[%clk
0:02:17]} Ke2 {[%clk 0:06:26]} 67. Kg1 {[%clk 0:01:07]} Qd1+ {[%clk 0:06:38]}
68. Kh2 {[%clk 0:01:15]} Qd2 {[%clk 0:06:34]} 69. Qf6 {[%clk 0:01:08]} Ke1+
{[%clk 0:04:52]} 70. Kh3 {[%clk 0:01:22]} Qxb4 {[%clk 0:04:28]} 71. Qa1+ {[%clk
0:00:57]} Kd2 {[%clk 0:04:47]} 72. Qa2+ {[%clk 0:01:17]} Kc1 {[%clk 0:04:55]}
73. Qa1+ {[%clk 0:00:58]} Qb1 {[%clk 0:05:02]} 74. Qc3+ {[%clk 0:01:13]} Qc2
{[%clk 0:05:06]} 75. Qa1+ {[%clk 0:01:32]} Kd2 {[%clk 0:05:30]} 76. Qd4+ {[%clk
0:01:55]} Qd3 {[%clk 0:05:00]} 77. Qb2+ {[%clk 0:02:08]} Ke3 {[%clk 0:05:25]}
78. Qe5+ {[%clk 0:02:21]} Qe4 {[%clk 0:05:50]} 79. Qc3+ {[%clk 0:02:41]} Ke2
{[%clk 0:06:00]} 80. Qb2+ {[%clk 0:02:37]} Kd3 {[%clk 0:05:42]} 81. Qb1+ {[%clk
0:02:37]} Kd4 {[%clk 0:03:59]} 82. Qb4+ {[%clk 0:02:46]} Ke3 {[%clk 0:04:10]}
83. Qe1+ {[%clk 0:03:05]} Kf3 {[%clk 0:03:21]} 84. Qh1+ {[%clk 0:03:20]} Ke3
{[%clk 0:03:48]} 85. Qe1+ {[%clk 0:03:45]} Kd4 {[%clk 0:04:14]} 86. Qb4+ {[%clk
0:04:10]} Ke5 {[%clk 0:04:40]} 87. Qe7+ {[%clk 0:04:31]} Kd4 {[%clk 0:03:45]}
1/2-1/2

[Event "DEM U14 2021"]
[Site "Willingen GER"]
[Date "2021.08.28"]
[Round "8"]
[White "Foerster-Yialamas, Lucas"]
[Black "Ohler, Julius"]
[Result "1/2-1/2"]
[Termination "normal"]
[Board "2"]
[WhiteTitle "CM"]
[WhiteElo "1881"]
[BlackElo "2014"]
[WhiteClock "00:19:19"]
[BlackClock "00:02:31"]
[PlyCount "89"]
[WhiteFideId "30901774"]
[BlackFideId "16238982"]
[EventCountry "GER"]
[EventRounds "9"]
[EventType "swiss"]
[EventDate "2021.08.22"]

1. e4 {[%clk 1:31:00]} c6 {[%clk 1:30:55]} 2. d4 {[%clk 1:31:29]} d5 {[%clk
1:31:20]} 3. e5 {[%clk 1:31:58]} Bf5 {[%clk 1:31:44]} 4. h4 {[%clk 1:32:24]} h5
{[%clk 1:32:12]} 5. Bd3 {[%clk 1:32:51]} Bxd3 {[%clk 1:32:37]} 6. Qxd3 {[%clk
1:33:16]} e6 {[%clk 1:33:05]} 7. Bg5 {[%clk 1:33:42]} Qb6 {[%clk 1:33:31]} 8.
Nd2 {[%clk 1:34:08]} Ne7 {[%clk 1:31:31]} 9. c4 {[%clk 1:32:41]} Nf5 {[%clk
1:31:21]} 10. Ne2 {[%clk 1:30:29]} Nd7 {[%clk 1:24:30]} 11. O-O {[%clk
1:29:27]} Qa6 {[%clk 1:17:16]} 12. Ng3 {[%clk 1:27:33]} g6 {[%clk 1:13:49]} 13.
Nxf5 {[%clk 1:26:03]} gxf5 {[%clk 1:14:06]} 14. Qc3 {[%clk 1:18:05]} Nb6 {[%clk
1:05:33]} 15. c5 {[%clk 1:15:23]} Nd7 {[%clk 1:05:12]} 16. Rfe1 {[%clk
1:09:01]} Be7 {[%clk 0:59:48]} 17. f4 {[%clk 1:07:13]} Bxg5 {[%clk 0:48:17]}
18. fxg5 {[%clk 1:02:09]} b6 {[%clk 0:45:40]} 19. cxb6 {[%clk 0:59:05]} Qxb6
{[%clk 0:44:11]} 20. Rac1 {[%clk 0:58:14]} Rb8 {[%clk 0:35:17]} 21. Nb3 {[%clk
0:56:36]} Rc8 {[%clk 0:30:38]} 22. Re2 {[%clk 0:51:44]} Ke7 {[%clk 0:26:25]}
23. Kh2 {[%clk 0:49:48]} Kf8 {[%clk 0:18:26]} 24. Nc5 {[%clk 0:45:17]} Nxc5
{[%clk 0:18:26]} 25. Qxc5+ {[%clk 0:45:15]} Qxc5 {[%clk 0:18:36]} 26. Rxc5
{[%clk 0:45:42]} Ke7 {[%clk 0:18:43]} 27. Rec2 {[%clk 0:45:14]} Kd7 {[%clk
0:18:57]} 28. a3 {[%clk 0:45:29]} Rc7 {[%clk 0:19:12]} 29. Kg3 {[%clk 0:44:33]}
Rb8 {[%clk 0:16:51]} 30. b4 {[%clk 0:44:55]} Rcc8 {[%clk 0:07:35]} 31. Kf4
{[%clk 0:44:22]} Rb6 {[%clk 0:07:07]} 32. Ra5 {[%clk 0:43:03]} a6 {[%clk
0:07:05]} 33. Rc3 {[%clk 0:42:55]} Rg8 {[%clk 0:07:18]} 34. Rg3 {[%clk
0:39:35]} Rg6 {[%clk 0:07:41]} 35. Rb3 {[%clk 0:37:45]} Kc7 {[%clk 0:04:12]}
36. Rc3 {[%clk 0:37:10]} Kb7 {[%clk 0:03:22]} 37. Rac5 {[%clk 0:36:02]} Rg8
{[%clk 0:03:40]} 38. Rb3 {[%clk 0:35:44]} Rb5 {[%clk 0:03:57]} 39. a4 {[%clk
0:34:17]} Rb6 {[%clk 0:04:07]} 40. b5 {[%clk 0:22:56]} axb5 {[%clk 0:04:13]}
41. axb5 {[%clk 0:23:04]} Rxb5 {[%clk 0:04:23]} 42. Rbxb5+ {[%clk 0:23:12]}
cxb5 {[%clk 0:04:46]} 43. Rxb5+ {[%clk 0:23:20]} Kc7 {[%clk 0:05:03]} 44. Rb3
{[%clk 0:20:02]} Kc6 {[%clk 0:02:31]} 45. Rc3+ {[%clk 0:19:19]} 1/2-1/2

[Event "DEM U14 2021"]
[Site "Willingen GER"]
[Date "2021.08.28"]
[Round "8"]
[White "Stork, Christopher"]
[Black "Heinrich, John"]
[Result "1/2-1/2"]
[Termination "normal"]
[Board "3"]
[WhiteElo "1885"]
[BlackElo "1911"]
[WhiteClock "00:03:23"]
[BlackClock "00:14:37"]
[PlyCount "62"]
[WhiteFideId "16215400"]
[BlackFideId "16259491"]
[EventCountry "GER"]
[EventRounds "9"]
[EventType "swiss"]
[EventDate "2021.08.22"]

1. e4 {[%clk 1:30:57]} c5 {[%clk 1:30:53]} 2. Nf3 {[%clk 1:31:21]} e6 {[%clk
1:31:19]} 3. d4 {[%clk 1:31:46]} cxd4 {[%clk 1:31:42]} 4. Nxd4 {[%clk 1:32:12]}
Nc6 {[%clk 1:32:08]} 5. Nc3 {[%clk 1:32:22]} Qc7 {[%clk 1:32:28]} 6. Be3 {[%clk
1:32:30]} Nf6 {[%clk 1:32:36]} 7. a3 {[%clk 1:32:32]} d6 {[%clk 1:32:38]} 8. f4
{[%clk 1:31:48]} Bd7 {[%clk 1:32:11]} 9. Qf3 {[%clk 1:29:20]} Be7 {[%clk
1:26:33]} 10. O-O-O {[%clk 1:25:00]} Nxd4 {[%clk 1:16:49]} 11. Rxd4 {[%clk
1:16:24]} Bc6 {[%clk 1:13:11]} 12. Qg3 {[%clk 1:09:35]} O-O {[%clk 1:08:32]}
13. Bd3 {[%clk 0:42:44]} e5 {[%clk 0:56:24]} 14. Rc4 {[%clk 0:41:21]} Nh5
{[%clk 0:52:53]} 15. Qh3 {[%clk 0:30:23]} Nxf4 {[%clk 0:52:48]} 16. Bxf4 {[%clk
0:28:51]} exf4 {[%clk 0:53:11]} 17. e5 {[%clk 0:15:00]} g6 {[%clk 0:53:00]} 18.
Nd5 {[%clk 0:12:42]} Qd8 {[%clk 0:53:02]} 19. Nxe7+ {[%clk 0:12:36]} Qxe7
{[%clk 0:53:10]} 20. exd6 {[%clk 0:12:27]} Qg5 {[%clk 0:44:35]} 21. Be4 {[%clk
0:07:50]} f3+ {[%clk 0:42:59]} 22. Kb1 {[%clk 0:08:04]} Bxe4 {[%clk 0:36:50]}
23. Rxe4 {[%clk 0:08:31]} fxg2 {[%clk 0:35:02]} 24. Rg1 {[%clk 0:08:56]} Qc5
{[%clk 0:25:10]} 25. Rxg2 {[%clk 0:07:38]} Qxd6 {[%clk 0:23:42]} 26. Rh4 {[%clk
0:07:35]} Qd1+ {[%clk 0:23:01]} 27. Ka2 {[%clk 0:08:01]} Qd5+ {[%clk 0:23:13]}
28. b3 {[%clk 0:05:52]} Rad8 {[%clk 0:16:59]} 29. Rxh7 {[%clk 0:05:17]} Qxg2
{[%clk 0:14:02]} 30. Rh8+ {[%clk 0:04:09]} Kg7 {[%clk 0:14:27]} 31. Rh7+ {[%clk
0:03:23]} Kg8 {[%clk 0:14:37]} 1/2-1/2

[Event "DEM U14 2021"]
[Site "Willingen GER"]
[Date "2021.08.28"]
[Round "8"]
[White "Krüger, Arthur"]
[Black "Deuer, Marius"]
[Result "0-1"]
[Termination "normal"]
[Board "4"]
[BlackTitle "FM"]
[WhiteElo "1643"]
[BlackElo "2163"]
[WhiteClock "00:30:09"]
[BlackClock "00:34:10"]
[PlyCount "52"]
[WhiteFideId "16244966"]
[BlackFideId "16236432"]
[EventCountry "GER"]
[EventRounds "9"]
[EventType "swiss"]
[EventDate "2021.08.22"]

1. d4 {[%clk 1:30:32]} d5 {[%clk 1:30:54]} 2. Bf4 {[%clk 1:30:54]} c5 {[%clk
1:31:20]} 3. e3 {[%clk 1:31:03]} cxd4 {[%clk 1:30:42]} 4. exd4 {[%clk 1:31:23]}
Nc6 {[%clk 1:31:05]} 5. c3 {[%clk 1:30:25]} f6 {[%clk 1:27:55]} 6. Nf3 {[%clk
1:26:02]} g5 {[%clk 1:28:18]} 7. Bg3 {[%clk 1:24:48]} h5 {[%clk 1:28:39]} 8. h3
{[%clk 1:21:40]} Nh6 {[%clk 1:29:05]} 9. Bd3 {[%clk 1:13:50]} Bf5 {[%clk
1:29:17]} 10. Qc2 {[%clk 1:05:37]} e6 {[%clk 1:22:39]} 11. Nbd2 {[%clk
1:03:31]} Kf7 {[%clk 1:19:42]} 12. O-O-O {[%clk 0:55:27]} Nb4 13. cxb4 {[%clk
0:53:36]} Rc8 {[%clk 1:13:23]} 14. Bxf5 {[%clk 0:51:05]} Nxf5 {[%clk 1:13:31]}
15. Qxc8 {[%clk 0:51:13]} Qxc8+ {[%clk 1:14:00]} 16. Kb1 {[%clk 0:51:30]} Nxg3
{[%clk 1:08:16]} 17. fxg3 {[%clk 0:50:37]} Bxb4 {[%clk 1:08:25]} 18. Rc1 {[%clk
0:49:16]} Qd7 {[%clk 1:05:55]} 19. a3 {[%clk 0:47:26]} Bd6 {[%clk 0:58:28]} 20.
Rc3 {[%clk 0:46:53]} Kg7 {[%clk 0:57:42]} 21. Rhc1 {[%clk 0:46:54]} g4 {[%clk
0:48:38]} 22. Ne1 {[%clk 0:41:54]} b6 {[%clk 0:44:56]} 23. Nd3 {[%clk 0:39:46]}
e5 {[%clk 0:35:59]} 24. Nb4 {[%clk 0:33:32]} exd4 {[%clk 0:35:05]} 25. Rc6
{[%clk 0:32:45]} Qf5+ {[%clk 0:35:19]} 26. Nc2 {[%clk 0:30:09]} Be5 {[%clk
0:34:10]} 0-1

[Event "DEM U14 2021"]
[Site "Willingen GER"]
[Date "2021.08.28"]
[Round "8"]
[White "Hecht, Jonas Christian"]
[Black "Hagner, Bennet"]
[Result "1/2-1/2"]
[Termination "normal"]
[Board "5"]
[WhiteElo "1948"]
[BlackElo "2118"]
[WhiteClock "00:25:34"]
[BlackClock "00:09:10"]
[PlyCount "116"]
[WhiteFideId "16214846"]
[BlackFideId "16224477"]
[EventCountry "GER"]
[EventRounds "9"]
[EventType "swiss"]
[EventDate "2021.08.22"]

1. e4 {[%clk 1:30:58]} c6 {[%clk 1:30:55]} 2. d4 {[%clk 1:31:22]} d5 {[%clk
1:31:21]} 3. Nc3 {[%clk 1:31:48]} dxe4 {[%clk 1:31:45]} 4. Nxe4 {[%clk
1:32:13]} Bf5 {[%clk 1:32:08]} 5. Ng3 {[%clk 1:32:38]} Bg6 {[%clk 1:32:33]} 6.
h4 {[%clk 1:33:04]} h6 {[%clk 1:32:55]} 7. Nf3 {[%clk 1:33:30]} Nd7 {[%clk
1:32:59]} 8. Bd3 {[%clk 1:33:56]} Bxd3 {[%clk 1:33:18]} 9. Qxd3 {[%clk
1:34:21]} e6 {[%clk 1:32:38]} 10. Bf4 {[%clk 1:34:42]} Qa5+ {[%clk 1:32:33]}
11. Bd2 {[%clk 1:35:07]} Bb4 {[%clk 1:32:53]} 12. c3 {[%clk 1:35:18]} Be7
{[%clk 1:33:05]} 13. Ne4 {[%clk 1:30:44]} Ngf6 {[%clk 1:28:58]} 14. O-O {[%clk
1:27:50]} O-O {[%clk 1:23:46]} 15. Bf4 {[%clk 1:21:19]} Rfd8 {[%clk 1:15:12]}
16. Nxf6+ {[%clk 1:13:36]} Bxf6 {[%clk 1:14:36]} 17. Qe4 {[%clk 1:08:53]} Qb6
{[%clk 1:09:19]} 18. Qe2 {[%clk 1:05:12]} c5 {[%clk 1:06:23]} 19. Be5 {[%clk
0:56:01]} Bxe5 {[%clk 0:52:30]} 20. dxe5 {[%clk 0:55:51]} Qc7 {[%clk 0:52:36]}
21. Rfd1 {[%clk 0:52:32]} Nb6 {[%clk 0:49:50]} 22. c4 {[%clk 0:49:13]} Rxd1+
{[%clk 0:45:58]} 23. Rxd1 {[%clk 0:49:16]} Rd8 {[%clk 0:46:19]} 24. Rxd8+
{[%clk 0:47:02]} Qxd8 {[%clk 0:46:47]} 25. Qd2 {[%clk 0:47:19]} Qxd2 {[%clk
0:45:21]} 26. Nxd2 {[%clk 0:47:44]} Na4 {[%clk 0:33:41]} 27. b3 {[%clk
0:42:20]} Nb2 {[%clk 0:33:56]} 28. Ne4 {[%clk 0:31:10]} Nd3 {[%clk 0:33:48]}
29. Nd6 {[%clk 0:29:43]} b6 {[%clk 0:32:53]} 30. Nc8 {[%clk 0:29:46]} Nxe5
{[%clk 0:31:17]} 31. Nxa7 {[%clk 0:29:36]} f5 {[%clk 0:26:15]} 32. f4 {[%clk
0:26:48]} Nd7 {[%clk 0:24:03]} 33. a3 {[%clk 0:25:45]} Kf7 {[%clk 0:21:16]} 34.
Nc6 {[%clk 0:24:08]} Kf6 {[%clk 0:20:19]} 35. Kf2 {[%clk 0:22:55]} g5 {[%clk
0:17:55]} 36. hxg5+ {[%clk 0:21:29]} hxg5 {[%clk 0:18:23]} 37. fxg5+ {[%clk
0:15:21]} Kxg5 {[%clk 0:18:50]} 38. b4 {[%clk 0:15:44]} cxb4 {[%clk 0:12:34]}
39. axb4 {[%clk 0:15:24]} Kf4 {[%clk 0:12:54]} 40. Nd4 {[%clk 0:12:27]} e5
{[%clk 0:12:07]} 41. Nb3 {[%clk 0:11:10]} e4 {[%clk 0:05:18]} 42. c5 {[%clk
0:10:38]} bxc5 {[%clk 0:05:24]} 43. Nxc5 {[%clk 0:09:37]} Nb6 {[%clk 0:04:54]}
44. Nb3 {[%clk 0:08:35]} Nd5 {[%clk 0:24:55]} 45. b5 {[%clk 0:35:21]} e3+
{[%clk 0:25:14]} 46. Kf1 {[%clk 0:34:32]} Ke4 {[%clk 0:19:08]} 47. Nc1 {[%clk
0:30:56]} Kd4 {[%clk 0:18:17]} 48. g3 {[%clk 0:29:53]} Ke4 {[%clk 0:13:44]} 49.
Ne2 {[%clk 0:28:38]} Kd3 {[%clk 0:13:21]} 50. Ke1 {[%clk 0:27:32]} Nb6 {[%clk
0:12:11]} 51. Nf4+ {[%clk 0:26:40]} Ke4 {[%clk 0:12:25]} 52. Ne2 {[%clk
0:27:00]} Kd3 {[%clk 0:10:55]} 53. Nf4+ {[%clk 0:26:20]} Kd4 {[%clk 0:11:23]}
54. Ke2 {[%clk 0:25:54]} Ke4 {[%clk 0:10:56]} 55. Ng2 {[%clk 0:24:30]} Nd5
{[%clk 0:10:50]} 56. b6 {[%clk 0:24:56]} Nxb6 {[%clk 0:08:43]} 57. Nxe3 {[%clk
0:25:12]} f4 {[%clk 0:09:10]} 58. gxf4 {[%clk 0:25:34]} Kxf4 1/2-1/2